Crítica de la razón pura

Salvato in:
Dettagli Bibliografici
Autore principale: Kant, Manuel
Natura: Libro
Lingua:Undetermined
Pubblicazione: México, Distrito Federal Porrúa 1987
Edizione:7
Soggetti:
Tags: Aggiungi Tag
Nessun Tag, puoi essere il primo ad aggiungerne!!

MARC

LEADER 00000nam a2200000Ia 4500
008 170316s9999 xx 000 0 und d
090 |a 100 K-1cr 
100 |a Kant, Manuel 
245 |a Crítica de la razón pura 
250 |a 7 
260 |a México, Distrito Federal 
260 |b Porrúa 
260 |c 1987 
300 |a 376 páginas 
650 |a FILOSOFÍA 
999 |c 16658  |d 16658 
040 |a cru BVZT 
942 |c 15 D  |h 100 K-1cr  |2 z